Canadian Cities by % of European Immigrants - Statistics

General Stats
  • This quiz has been taken 97 times
  • The average score is 3 of 14
Answer Stats
Population % Born in Europe Answer % Correct
250,000-3,000,000 10.9% Toronto
100%
250,000-3,000,000 11.8% Hamilton
51%
250,000-3,000,000 12.3% Mississauga
38%
50,000-100,000 10.3% Niagara Falls
22%
100,000-250,000 11.2% Kitchener
20%
250,000-3,000,000 18.4% Vaughan
19%
100,000-250,000 12.9% Oakville
11%
100,00-250,000 10.7% Richmond Hill
11%
100,000-250,000 10.1% Cambridge
8%
100,000-250,000 11.4% Burlington
7%
50,000-100,000 10.8% Aurora
5%
50,000-100,000 10.7% Halton Hills
4%
50,000-100,000 10.0% North Vancouver
4%
50,000-100,000 12.6% Caledon
1%
No matching quizzes found
Score Distribution
Percent of People with Each Score
Percentile by Number Answered
Your Score History
You have not taken this quiz